Pride of Kanara True Son of India (Record no. 229272)
[ view plain ]
| 000 -LEADER | |
|---|---|
| fixed length control field | 01061nam a22002417a 4500 |
| 005 - DATE AND TIME OF LATEST TRANSACTION | |
| control field | 20250812154357.0 |
| 008 - FIXED-LENGTH DATA ELEMENTS--GENERAL INFORMATION | |
| fixed length control field | 231122b ||||| |||| 00| 0 eng d |
| 020 ## - INTERNATIONAL STANDARD BOOK NUMBER | |
| International Standard Book Number | 9788195680771 |
| 040 ## - CATALOGING SOURCE | |
| Transcribing agency | AL |
| 041 ## - LANGUAGE CODE | |
| Language code of text/sound track or separate title | eng |
| 082 ## - DEWEY DECIMAL CLASSIFICATION NUMBER | |
| Edition number | 23 |
| Classification number | 275.4 |
| Item number | FRAP |
| 100 ## - MAIN ENTRY--PERSONAL NAME | |
| Personal name | Edmund J B Frank |
| 100 ## - MAIN ENTRY--PERSONAL NAME | |
| 9 (RLIN) | 235211 |
| 245 ## - TITLE STATEMENT | |
| Title | Pride of Kanara True Son of India |
| Remainder of title | : Fr Jerome Dsouza SJ |
| 260 ## - PUBLICATION, DISTRIBUTION, ETC. | |
| Place of publication, distribution, etc. | Mangaluru |
| Name of publisher, distributor, etc. | St Aloysius Prakashana |
| Date of publication, distribution, etc. | 2023 |
| 300 ## - PHYSICAL DESCRIPTION | |
| Extent | viii,134p. |
| Other physical details | PB |
| Dimensions | 21x14cm. |
| 365 ## - TRADE PRICE | |
| Source of price type code | Religion |
| Price amount | 200.00 |
| Currency code | ₹ |
| Unit of pricing | 200.00 |
| 520 ## - SUMMARY, ETC. | |
| Summary, etc. | This book takes the reader on a journey giving him glances and important updates into the life story and contributions of Fr Jerome in the making of India's Constitution as a member of the Constituent Assembly and his role in securing the Fundamental Rights and Minority Rights which have left a permanent impact on the contemporary Indian political and constitutional history. |
| 650 ## - SUBJECT ADDED ENTRY--TOPICAL TERM | |
| Topical term or geographic name entry element | Christian Leader |
| 9 (RLIN) | 142831 |
| 650 ## - SUBJECT ADDED ENTRY--TOPICAL TERM | |
| Topical term or geographic name entry element | Pride of canara |
| 9 (RLIN) | 173151 |
| 650 ## - SUBJECT ADDED ENTRY--TOPICAL TERM | |
| Topical term or geographic name entry element | Biography |
| 9 (RLIN) | 142832 |
| 650 ## - SUBJECT ADDED ENTRY--TOPICAL TERM | |
| Topical term or geographic name entry element | Jesuit |
| 9 (RLIN) | 143312 |
| 942 ## - ADDED ENTRY ELEMENTS (KOHA) | |
| Source of classification or shelving scheme | Dewey Decimal Classification |
| Koha item type | Donated Books |
| Withdrawn status | Lost status | Source of classification or shelving scheme | Damaged status | Not for loan | Collection code | Home library | Current library | Date acquired | Cost, normal purchase price | Total Checkouts | Full call number | Barcode | Date last seen | Cost, replacement price | Price effective from | Koha item type |
|---|---|---|---|---|---|---|---|---|---|---|---|---|---|---|---|---|
| Dewey Decimal Classification | Others | St Aloysius Library | St Aloysius Library | 11/21/2023 | 200.00 | 275.4 FRAP | D06100 | 11/22/2023 | 200.00 | 11/22/2023 | Donated Books |